| 000 | 00579nam a2200193 a 4500 | ||
|---|---|---|---|
| 005 | 20140310183625.0 | ||
| 008 | 121206s19uu xx 00 eng d | ||
| 020 | _a9781441151858 | ||
| 050 |
_aPR 2894 _b.H595 2011 |
||
| 100 | _aHolderness, Graham | ||
| 245 |
_aNine lives of William Shakespeare / _cGraham Holderness. |
||
| 260 |
_aLondon : _bContinuum, _c2011. |
||
| 300 |
_a215 p. : _c24 cm. |
||
| 500 | _aIncludes index | ||
| 600 | _aShakespeare, William, 1564-1616 | ||
| 650 |
_aDramatists, English _xEarly modern _xBiography |
||
| 942 |
_cBK _2lcc _kFOR |
||
| 999 |
_c25500 _d25500 |
||